000 00513nam a2200205Ia 4500
008 240509s9999 xx 000 0 und d
020 _a0008177587846
041 _aEng
082 _a006.6
082 _bI57
100 _aHEYWOOD, I.: (ET-AL)
245 3 _aAN INTRODUCTION TO GEOGRAPHICAL INFORMATION SYSTEMS
250 _a2nd ed.
260 _bINDIA : PEARSON EDUCATION I
260 _c2006
300 _a287 p.
650 _aGEOGRAPHIC INFORMATION SYSTEMS : GIS :
942 _2ddc
942 _cLBK
999 _c23174
_d23174
945 _a1
_bMadushi Gamage
_c1
_dMadushi Gamage